<?xml version="1.0" encoding="UTF-8"?><?xml-stylesheet type="text/xsl" href="static/style.xsl"?><OAI-PMH xmlns="http://www.openarchives.org/OAI/2.0/" xmlns:xsi="http://www.w3.org/2001/XMLSchema-instance" xsi:schemaLocation="http://www.openarchives.org/OAI/2.0/ http://www.openarchives.org/OAI/2.0/OAI-PMH.xsd"><responseDate>2026-04-19T09:43:06Z</responseDate><request verb="GetRecord" identifier="oai:www.recercat.cat:2445/228870" metadataPrefix="marc">https://recercat.cat/oai/request</request><GetRecord><record><header><identifier>oai:recercat.cat:2445/228870</identifier><datestamp>2026-04-14T09:14:39Z</datestamp><setSpec>com_2072_1057</setSpec><setSpec>col_2072_478819</setSpec><setSpec>col_2072_478917</setSpec></header><metadata><record xmlns="http://www.loc.gov/MARC21/slim" xmlns:dcterms="http://purl.org/dc/terms/" xmlns:xsi="http://www.w3.org/2001/XMLSchema-instance" xmlns:doc="http://www.lyncode.com/xoai" xsi:schemaLocation="http://www.loc.gov/MARC21/slim http://www.loc.gov/standards/marcxml/schema/MARC21slim.xsd">
   <leader>00925njm 22002777a 4500</leader>
   <datafield ind2=" " ind1=" " tag="042">
      <subfield code="a">dc</subfield>
   </datafield>
   <datafield ind2=" " ind1=" " tag="720">
      <subfield code="a">Figueras, Carolina</subfield>
      <subfield code="e">author</subfield>
   </datafield>
   <datafield ind2=" " ind1=" " tag="260">
      <subfield code="c">2026-04-13T16:04:22Z</subfield>
   </datafield>
   <datafield ind2=" " ind1=" " tag="260">
      <subfield code="c">2026-04-13T16:04:22Z</subfield>
   </datafield>
   <datafield ind2=" " ind1=" " tag="260">
      <subfield code="c">2021-02-05</subfield>
   </datafield>
   <datafield ind2=" " ind1=" " tag="260">
      <subfield code="c">2026-04-13T16:04:22Z</subfield>
   </datafield>
   <datafield ind2=" " ind1=" " tag="520">
      <subfield code="a">The present study explores the mitigating meaning within an empirical discourse analysis framework that integrates its cognitive, emotive, relational, situational, and linguistic components. Mitigation is understood as a psychological category to cope with one or more stressors in communication. The mitigating apparatus is instantiated in discourse with the goal of managing interactants' vulnerabilities. This conceptual framework is applied to examine the mitigation strategies devised by participants in an online forum for recovery from an eating disorder. The analysis reveals that participants in the site resort to different mitigation patterns to perform the acts of advice solicitation and advice provision. Advice seekers use mitigation devices and discursive moves to tune the illocutionary force of their requests to the audience, to modulate their self-presentation agenda to the forum normative requirements (facework) and to cope with the stressor of the illness. Advice providers, in contrast, produce a comprehensive body of mitigating strategies related to the notions of empathy and perspective-taking, two cognitive constructs that are negotiated, represented and managed interactionally. Mitigation, therefore, constitutes an instrumental and motivational category that shapes the ways of dealing with multiple stressors and multidimensional vulnerabilities in discourse.</subfield>
   </datafield>
   <datafield ind1="8" ind2=" " tag="024">
      <subfield code="a">https://hdl.handle.net/2445/228870</subfield>
   </datafield>
   <datafield tag="653" ind2=" " ind1=" ">
      <subfield code="a">Empatia</subfield>
   </datafield>
   <datafield tag="653" ind2=" " ind1=" ">
      <subfield code="a">Vulnerabilitat (Tret de la personalitat)</subfield>
   </datafield>
   <datafield tag="653" ind2=" " ind1=" ">
      <subfield code="a">Anàlisi del discurs</subfield>
   </datafield>
   <datafield tag="653" ind2=" " ind1=" ">
      <subfield code="a">Empathy</subfield>
   </datafield>
   <datafield tag="653" ind2=" " ind1=" ">
      <subfield code="a">Vulnerability (Personality trait)</subfield>
   </datafield>
   <datafield tag="653" ind2=" " ind1=" ">
      <subfield code="a">Discourse analysis</subfield>
   </datafield>
   <datafield ind2="0" ind1="0" tag="245">
      <subfield code="a">Mitigation in discourse: Social, cognitive and affective motivations when exchanging advice</subfield>
   </datafield>
</record></metadata></record></GetRecord></OAI-PMH>